[Event "San Francisco Mechanics"]
[Site "San Francisco"]
[Date "1998.07.11"]
[Round "2"]
[White "Atalik, Suat"]
[Black "Benjamin, Joel"]
[Result "1/2-1/2"]
[WhiteElo "2595"]
[BlackElo "2595"]
[Annotator "Yudasin,L"]
[PlyCount "82"]
[EventDate "1998.07.10"]
[EventType "tourn"]
[EventRounds "9"]
[EventCountry "USA"]
[EventCategory "10"]
[SourceTitle "CBM 066"]
[Source "ChessBase"]
[SourceDate "1998.09.30"]
[SourceVersion "1"]
[SourceVersionDate "1998.09.30"]
[SourceQuality "1"]

1. d4 d6 2. e4 Nf6 3. Nc3 g6 4. Be3 a6 5. a4 $5 Bg7 (5... Ng4 6. Bg5 h6 7. Bh4
g5 8. Bg3 Bg7 9. Be2 (9. h3 Nf6 10. e5 $36) 9... h5 10. Bxg4 Bxg4 11. f3 Bd7
12. Nge2 $13) 6. Qd2 Nc6 (6... Ng4 7. Bg5 f6 8. Bh4 e5 9. dxe5 dxe5 (9... Nxe5
10. f4 Nec6 11. Bc4 $36) 10. Qxd8+ Kxd8 11. h3 Nh6 12. O-O-O+ Nd7 13. Nd5 Rf8
$14) 7. Nf3 (7. f3 e5 8. d5 Nd4 (8... Ne7 9. Rd1 O-O $13 {/\Ne8,f5,c6}) 9. Bxd4
exd4 10. Qxd4 O-O 11. Qd2 c6 $146) 7... O-O (7... Bg4 8. Be2 O-O 9. O-O Re8 10.
d5 Bxf3 11. Bxf3 Ne5 12. Be2 $13) (7... Ng4 8. Bg5 f6 9. Bh4 e5 10. d5 Ne7 $2
11. h3 Nh6 12. Bxf6) 8. Be2 e5 9. dxe5 (9. d5 Ne7 10. h3 Bd7 11. Rd1 b5 $36 (
11... c6 $2 12. dxc6 Bxc6 13. Qxd6 Nxe4 14. Nxe4 Bxe4 15. Qb4)) 9... dxe5 10.
Rd1 (10. O-O Qxd2 11. Nxd2 Be6 (11... Nd4 12. Bd3 Be6 13. f3 Rad8 $10) 12. Nb3
b6 13. a5 $2 Bxb3 14. cxb3 Nxa5 15. b4 Nc6) 10... Qxd2+ 11. Rxd2 (11. Nxd2 Nd4)
11... h6 (11... Be6 12. Ng5 Bd7 13. Bc4 h6 14. Nf3 $14) 12. Bc4 Be6 $5 (12...
Nh5 13. h3 Nf4 14. O-O Be6 15. Nd5 $14) 13. Bxe6 (13. Bd5 Bxd5 14. exd5 Ne7 15.
Nxe5 Rfd8) 13... fxe6 $14 14. Ke2 Rfd8 (14... Rad8) 15. Rhd1 Rxd2+ 16. Rxd2 Bf8
{/\g5(Kg7),Bd6} 17. Ne1 $5 (17. h3 g5 (17... Kg7 18. Ne1 Bd6 19. Nd3 Nd7) 18.
Ne1 Bd6 19. Nd3 Nd7 20. h4 $36) 17... Ng4 (17... Kg7 18. Nd3 Nd7 (18... b6) 19.
Nf4 $1) 18. Nd1 (18. Rd7 Nxe3 19. Kxe3 Bd6) (18. f3 Nxe3 19. Kxe3 Bc5+ 20. Ke2
Bg1 21. Rd7 Rc8 22. h3 Nd4+ 23. Kf1 Be3 $13) 18... b5 $1 $132 19. axb5 axb5 20.
c3 (20. Nc3 Bb4 (20... Nxe3 21. Kxe3 Na5 22. b3 Bb4 23. Rd3 c5 $19) 21. Rd7
Bxc3 22. bxc3 Rc8 23. f3 Nxe3 24. Kxe3 $16) 20... Bd6 21. f3 Nxe3 22. Nxe3 Kf7
$10 23. Nd3 Ke7 24. Kd1 h5 25. Kc2 Nd8 {/\c5,c5,/\Nf7} 26. b4 c6 27. c4 (27.
Kb3 Ra1 28. c4 Nf7) 27... Ra2+ 28. Kc3 Rxd2 29. Kxd2 Nf7 $10 30. Nc5 (30. cxb5
cxb5 {/\Kd7-c6}) (30. c5 Bc7 $10) 30... Bc7 $1 (30... Bxc5 31. bxc5 bxc4 32.
Nxc4 Kf6 33. Na5 Nd8 34. Kc3 $14) 31. Nb3 Bb6 32. Kd3 (32. Na5 Kd7) 32... Kd7 (
32... Bxe3 33. Kxe3 bxc4 (33... Nd6 34. c5 (34. cxb5 cxb5 35. Nc5 $14) 34...
Nf7 $10) 34. Na5 Kd7 35. Nxc4 $16) 33. Na5 Nd6 $1 $10 34. cxb5 (34. c5 $2 Bxa5
35. bxa5 Nb7) (34. h3 Bxe3 35. Kxe3 Nxc4+ 36. Nxc4 bxc4 37. Kd2 c5 38. Kc3 (38.
b5 Kc7 39. Kc3 Kb6 40. Kxc4 h4 $19) 38... cxb4+ 39. Kxc4 h4 40. Kxb4 Kc6 41.
Kc4 $10) 34... cxb5 35. Nb3 Kc6 36. Nc2 Nc4 37. Ke2 (37. Nd2 Nxd2 38. Kxd2 Bc7
39. Kc3 Bd6 $10) 37... Kd6 38. Nd2 Nxd2 39. Kxd2 Bg1 40. h3 h4 41. Ne3 Bh2 $10
{Yudasin} (41... Bxe3+ 42. Kxe3 g5 43. Kf2 Ke7 44. g3 hxg3+ 45. Kxg3 Kf6 46.
Kg4 Kg6 47. h4 gxh4 48. Kxh4 Kh6 49. Kg4 Kg6 50. f4 exf4 51. Kxf4 Kf6 52. e5+
Kg6 53. Ke4 Kg5 54. Kd4 Kf5 55. Kc5 Kxe5 56. Kxb5 Kd4 $10) 1/2-1/2

[Event "RUS-ch51"]
[Site "St Petersburg"]
[Date "1998.07.29"]
[Round "2"]
[White "Ulybin, Mikhail"]
[Black "Svidler, Peter"]
[Result "0-1"]
[WhiteElo "2555"]
[BlackElo "2710"]
[Annotator "Yudasin,L"]
[PlyCount "72"]
[EventDate "1998.07.28"]
[EventType "swiss"]
[EventRounds "11"]
[EventCountry "RUS"]
[SourceTitle "CBM 067"]
[Source "ChessBase"]
[SourceDate "1998.11.30"]
[SourceVersion "2"]
[SourceVersionDate "1998.11.01"]
[SourceQuality "1"]

1. e4 g6 2. d4 Bg7 3. Nc3 d6 4. Bg5 a6 5. a4 (5. f4 b5 6. Nf3 Bb7 7. Bd3 Nf6 8.
e5) (5. Nf3 b5 6. Bd3 Bb7 7. O-O) 5... Nc6 6. Nge2 Nf6 7. f3 (7. g3 h6 8. Be3
Ng4 9. Bc1 e5 10. d5 Nd4 11. Bg2 Qf6 12. f4 Nxe2 13. Qxe2 exf4 $13) 7... e5 8.
d5 (8. dxe5 dxe5 $4 (8... Nxe5 9. Nd4 O-O 10. Qd2 h6 $13) 9. Qxd8+ Nxd8 10.
Bxf6 Bxf6 11. Nd5 $18) 8... Ne7 (8... Nb8 9. Ng3 h6 10. Be3 h5 11. Bc4 Nbd7 12.
O-O $14) 9. Qd2 h6 10. Be3 c6 $5 (10... h5 11. Rd1 (11. Nc1 c6 12. dxc6 Nxc6 (
12... bxc6 13. a5 d5 14. Bb6 Qd6 15. Nb3 $13) 13. Bg5) 11... O-O 12. Nc1 Nh7
$132) 11. dxc6 bxc6 12. a5 $1 d5 $8 13. Bc5 (13. Bb6 Qd6 14. Na4 Nd7 15. c4 d4
16. b4 O-O $13 {/\f5}) 13... Be6 (13... Nd7 14. Bxe7 Qxe7 15. exd5) (13... O-O
14. Nc1 d4 15. Na4 Be6 {-13 ...Be6}) 14. O-O-O (14. Nc1 Nd7 (14... d4 15. Na4
Nd7 $13) 15. Bxe7 Qxe7 16. exd5 cxd5 17. Nxd5 Qc5 18. c4) 14... O-O (14... Qxa5
15. Bxe7 Qa1+ (15... Kxe7 $4 16. Nxd5+) 16. Nb1 Kxe7 17. Qb4+ Ke8 18. Rd3 (18.
Nec3 Rc8 $13) (18. Kd2 Rd8) 18... Bf8 19. Qb7 Rc8 $13) 15. Kb1 Re8 16. Na4 Nd7
17. Nc1 (17. Be3 Kh7 18. Nb6 $2 (18. Nc5 $1 d4 (18... Nxc5 19. Bxc5 f5 $36) 19.
Nxe6 fxe6 20. Bf2 c5 21. Nc1 Nc6 22. Nb3 $14) 18... d4 19. Nxa8 (19. Nxd7 Bxd7
20. Bf2 c5 21. Nc1 Bb5 $17) 19... dxe3 $19) 17... Nc8 (17... Nxc5 18. Nxc5 Bc8
19. N1b3) 18. Nb3 Qc7 19. Bd3 (19. h4 $6 $13) 19... d4 $1 {/\Bb3,Nc5,Bf8~~} 20.
Bb4 (20. Rc1 $5 Nd6 21. Nb6 (21. Bb6 Nxb6 22. Nxb6 (22. axb6 Qb8 23. Nbc5 $36)
22... Ra7 23. Nc5 Nb5 $13) 21... Nxc5 22. Nxa8 Nxb3 23. Nxc7 Nxd2+ 24. Ka1 Re7
$2 (24... Rb8 $1 25. Nxe6 fxe6 26. b3 c5 27. Rhd1 c4 28. Rxd2 cxd3 $17) 25.
Nxe6 fxe6 26. b3 c5 27. Rhd1 c4 28. Rxd2 cxd3 29. cxd3 $16) 20... Nd6 21. Nbc5
(21. Nb6 Ra7 22. Nxd7 Bxd7 23. Nc5 Bc8 24. c3 $13) 21... Nxc5 22. Bxc5 $2 (22.
Nxc5 Bc8 23. c3 Nb5 $13) 22... Nb7 23. Bb6 (23. Qb4 Nxc5 24. Nxc5 Bf8 25. Nxe6
Rxe6 $15) 23... Qe7 24. c4 $2 (24. h4 c5 25. Qe2 Bd7 26. b3 Bxa4 27. bxa4 Reb8
28. Ka2 c4 29. Bxc4 Qb4 30. Bb3 Nxa5 31. Bxa5 Qxa5 32. Qc4 Ra7 $15) 24... c5
25. b3 $6 (25. Kc2 Bd7 26. Ra1 Qd6 {/\Kh7,Bf6-d8,Ba4-/+}) 25... Rab8 26. Qa2
Bd7 27. Nb2 {Qa4 unemployed} (27. Qa3 Rec8 {/\Qd6,Bf6-d8}) 27... Bf6 $1 28. Be2
Qd6 29. Nd3 Bd8 $17 30. Bxd8 Nxd8 31. Qa3 Nc6 $1 32. Qxc5 (32. Nxc5 Rxb3+ 33.
Qxb3 Qxc5 34. Kc1 Rb8 35. Qc2 Qxa5 $19) 32... Qc7 33. Kc2 (33. Kb2 Qxa5 34.
Qxa5 Nxa5 35. Nc1 Ba4 (35... Rb6 36. Kc2 Reb8 37. Rd3 f5 $17) 36. Rd3 Nxc4+ 37.
Ka2) 33... Rec8 34. Qa3 Nxa5 35. Nc1 (35. Rb1 Nxb3 36. Rxb3 Qxc4+ 37. Kb2 Qc3+
38. Ka2 Be6 39. Nc1 Qd2+ 40. Qb2 Rc2) 35... Be6 36. Kd2 Qb6 {37.Kc2 Bc4 38.bc4
Nc4 39.Bc4 Rc4 40.Kd2 Rc3 41.Qa2~~,37...Rc7/\Rcb7.Time Yudasin} 0-1

[Event "San Francisco Mechanics"]
[Site "San Francisco"]
[Date "1998.07.16"]
[Round "7"]
[White "Kobese, Watu"]
[Black "Benjamin, Joel"]
[Result "1/2-1/2"]
[WhiteElo "2330"]
[BlackElo "2595"]
[Annotator "Yudasin,L"]
[PlyCount "82"]
[EventDate "1998.07.10"]
[EventType "tourn"]
[EventRounds "9"]
[EventCountry "USA"]
[EventCategory "10"]
[SourceTitle "CBM 066"]
[Source "ChessBase"]
[SourceDate "1998.09.30"]
[SourceVersion "1"]
[SourceVersionDate "1998.09.30"]
[SourceQuality "1"]

1. e4 g6 2. d4 Bg7 3. Nf3 d6 4. Nc3 a6 $5 5. a4 Bg4 6. Be2 Nc6 (6... Nd7) 7.
Be3 e5 8. dxe5 (8. d5 Bxf3 9. Bxf3 Nd4 10. Bg4 c6) 8... Bxf3 (8... dxe5 9. Ng5
Bxe2 10. Nxe2 Nf6 11. f3 $13) 9. Bxf3 Nxe5 (9... dxe5 10. O-O Nd4 $14) 10. Be2
Ne7 11. Qd2 (11. O-O O-O 12. f4 N5c6 13. Bf3 f5 14. Qd2 $36) 11... O-O 12. h4
$5 (12. O-O f5 13. Bg5 $14) 12... Qd7 (12... h5 13. g4 Nxg4 14. Bxg4 hxg4 15.
h5 $40) 13. h5 Qe6 {/\Nc4,f5} (13... f5 14. hxg6 N7xg6 15. exf5 Qxf5 16. Nd5
Qf7 17. f4 Nc6 18. Bc4 $16) 14. Bh6 (14. hxg6 $5 fxg6 15. Bh6 Bxh6 (15... Qf6
16. Bxg7 $1 Qxf2+ (16... Qxg7 17. f4 N5c6 18. O-O-O $16) 17. Kd1 Kxg7 18. Qh6+
Kf7 19. Rf1) 16. Qxh6 Rf7 (16... Qf7 17. f4 N5c6 18. Bc4) 17. Rh4 (17. f4 Ng4
18. f5 (18. Qg5 Nf6 19. f5 Qe5 {/\c6,d5}) 18... Qe5 $1 $13 19. Qh4) 17... Qf6 (
17... Kh8 18. f4 Ng8 19. Qg5 Nd7 $16) 18. f4 {/\Bc4}) 14... Bxh6 15. Qxh6 f5 $1
$8 16. hxg6 Qxg6 17. Qh4 (17. Qxg6+ hxg6 18. f4 N5c6 19. g3 Rae8 $13) 17... Qg7
18. O-O-O f4 (18... fxe4 19. Nxe4 Nf5 20. Qh3 $16) 19. Rh3 (19. g3 f3 20. Bd3
c6) (19. f3 Rf6 20. g3 $2 fxg3 21. Rdg1 Nxf3 22. Qxg3 Rg6) 19... Rf6 20. f3 (
20. Rdh1 $1 h6 21. f3 Raf8 22. Qf2 c6 $13) 20... Raf8 21. Rdh1 R8f7 $6 (21...
h6 $5 22. g3 N7g6 23. Qxh6 (23. Qh5 c6 24. Rg1 fxg3 25. Rgxg3 Kh7 $13) 23...
Qxh6 24. Rxh6 fxg3 25. Nd5 R6f7 26. f4 Nxf4 27. Rh8+ Kg7 28. R1h7+ Kg6) 22. Qf2
c6 23. Rh5 $2 (23. Rxh7 $1 Qxh7 24. Rxh7 Rxh7 (24... Kxh7 $14 {/\N7-g6}) 25.
Qb6 N7g6 26. Qd8+ Kg7 27. a5 $16) (23. Qa7 Nc8 24. Qb8 Qf8) 23... N7g6 24. a5
$14 (24. Rxh7 $14) 24... Nf8 25. Na4 (25. Nb1 {/\Nd2-b3}) 25... Rg6 26. Bf1 Rg5
$1 27. R5h3 Rf6 28. Nb6 Kh8 29. Qd4 (29. Nc4 Nxc4 30. Bxc4 Rxa5) 29... Nf7 30.
Qd2 (30. Nc4 d5 (30... h6 {/\Ne6,Ng6-e5}) 31. exd5 Rxd5 32. Qc3 Re6 33. Qxg7+
Kxg7 34. Bd3 Ne5 35. Nxe5 Rdxe5 36. b4 $14) 30... h6 31. R3h2 {/\Bc4} Kh7 32.
Nc4 (32. Bc4 Ne5) 32... Ng6 33. Nb6 (33. Kb1 Nge5 34. Nxe5 Nxe5 35. Rh4 Qf7)
33... Nge5 34. Rh4 $10 Ng6 35. R4h3 Nge5 36. R1h2 (36. Rh4 $10) 36... Rg3 37.
Rh4 Qg5 (37... Ng6 38. Rh5 Rg5 39. R5h3 Rg3 40. Rh5 $10) 38. Rh5 Qg7 39. Kb1
Rg5 40. R5h3 Rg3 41. Rh4 Qg5 $10 {Yudasin} 1/2-1/2

[Event "WchT 4th"]
[Site "Luzern"]
[Date "1997.10.28"]
[Round "4.2"]
[White "Gallagher, Joseph G"]
[Black "Irzhanov, Ruslan"]
[Result "1-0"]
[WhiteElo "2525"]
[BlackElo "2535"]
[Annotator "Yudasin,L"]
[PlyCount "77"]
[EventDate "1997.10.25"]
[EventType "team-tourn"]
[EventRounds "9"]
[EventCountry "SUI"]
[SourceTitle "CBM 062"]
[Source "ChessBase"]
[SourceDate "1998.01.31"]
[SourceVersion "1"]
[SourceVersionDate "1998.01.31"]
[SourceQuality "1"]
[WhiteTeam "Switzerland"]
[BlackTeam "Kazakhstan"]
[WhiteTeamCountry "SUI"]
[BlackTeamCountry "KAZ"]

1. e4 g6 2. d4 Bg7 3. Nc3 d6 4. Be3 c6 5. Qd2 b5 6. Bd3 Nd7 7. Nf3 (7. f4 $5)
7... a6 8. a4 (8. O-O e5 9. Rad1 $14) 8... Rb8 (8... Bb7 9. O-O e5 10. Rfd1 Qc7
11. axb5 axb5 12. Rxa8+ Bxa8 13. d5 $16) 9. axb5 axb5 10. O-O b4 (10... e5 11.
d5) 11. Ne2 Ngf6 12. Bh6 (12. Ra4 Qb6 13. e5 Nd5 14. Bh6 O-O 15. Ng3 dxe5 16.
Bxg7 Kxg7 17. Nh5+ gxh5 18. Qg5+ Kh8 19. Qh6 e4 20. Bxe4 N5f6 21. Ng5 Qxd4 22.
Raa1 Rb5 23. Rad1 Qe5 24. f4 Qb8 25. Bd3 Rd5 26. h3 Ba6 27. Bxh7 Bxf1 28. Bg6+
Kg8 29. Bh7+ Kh8 {- Tirard,H-Irzhanov,R/WchJM U20 1996/JUN 97}) 12... O-O 13.
Ng3 $14 e5 14. Bxg7 Kxg7 15. Qg5 $1 Qc7 $1 16. Nf5+ Kg8 (16... Kh8 17. Qh6 gxf5
18. Ng5 f4 $13) 17. Rfe1 $1 (17. dxe5 dxe5 18. Ne7+ Kg7 19. Nxc8 Rfxc8 20. Rfe1
c5 21. b3 h6 22. Qe3 $14) 17... Ne8 18. Qh6 $2 (18. Bc4 d5 19. exd5 Nb6 20.
Ne7+ Kg7 21. Nxc6 Nxc4 22. Nxb8 $16) 18... Nb6 (18... gxf5 19. Ng5 Ndf6 20.
exf5 {/\Re3,Rg3}) 19. Ne3 f6 $11 20. Nc4 Be6 21. Nxb6 Qxb6 22. Ra6 Qc7 23. Rea1
Ng7 24. dxe5 dxe5 25. Ra7 Rb7 26. Qe3 b3 $1 27. cxb3 (27. c3 Rd8 28. Be2 Rd7
$11) 27... Bxb3 28. Rxb7 Qxb7 29. Qc5 (29. Ra7 Qb4 $11) 29... Bf7 $1 $11 30.
Bc4 Ra8 31. Rd1 Ne6 32. Bxe6 Bxe6 33. h3 Bf7 (33... Kf7 $11) 34. Rd2 Kg7 35.
Kh2 Rb8 36. Qd6 Qb5 37. Qe7 Rb7 38. Qd8 c5 $4 (38... Rb8 $11) 39. Rd6 1-0

[Event "Excelsior Cup"]
[Site "Gothenburg"]
[Date "1998.01.12"]
[Round "6"]
[White "Hartman, Christer"]
[Black "Gausel, Einar"]
[Result "0-1"]
[WhiteElo "2345"]
[BlackElo "2555"]
[Annotator "Yudasin,L"]
[PlyCount "90"]
[EventDate "1998.01.07"]
[EventType "tourn"]
[EventRounds "9"]
[EventCountry "SWE"]
[EventCategory "9"]
[SourceTitle "CBM 063"]
[Source "ChessBase"]
[SourceDate "1998.03.26"]
[SourceVersion "1"]
[SourceVersionDate "1998.03.26"]
[SourceQuality "1"]

1. e4 g6 2. d4 Bg7 3. Nc3 d6 4. f4 a6 5. Nf3 (5. a4 $5) 5... b5 6. Bd3 (6. a4
b4 7. Nd5 Bb7) 6... Bb7 7. Qe2 (7. O-O Nf6 8. e5 Nd5 9. Nxd5 Bxd5 10. a4 b4 11.
c4 bxc3 12. bxc3 $14) 7... Nd7 8. e5 $6 (8. a4 b4 9. Nd1 c5 10. c3 $14) 8... c5
9. Be4 (9. exd6 cxd4 10. Ne4 e6 11. Ne5 (11. O-O $5 $132 {/\f5}) 11... Nxe5 (
11... Ngf6 12. Ng5 O-O 13. O-O Qb6 $17) 12. fxe5 Bxe5 13. O-O $146) 9... Bxe4
10. Nxe4 (10. Qxe4 cxd4 (10... e6 11. exd6 Ngf6 $13) 11. Nd5 Rc8 12. exd6 e6 {
/\Nc5}) 10... cxd4 11. exd6 Nh6 (11... e6 12. Ne5 (12. O-O Qb6 13. Kh1 Ngf6 14.
Rd1 $15) (12. a4 $5 $15) 12... Nxe5 (12... Ngf6 13. O-O Qb6 $15) 13. fxe5 Bxe5
14. O-O $146) 12. a4 $1 (12. dxe7 Qxe7 13. Bd2 d3 $2 (13... O-O 14. O-O-O Rfe8
15. Rhe1 $13) 14. cxd3 Bxb2 15. Rb1 Ba3 (15... Bg7 16. Bb4) 16. O-O O-O 17.
Rfe1 $14) 12... O-O (12... exd6 13. Nxd6+ Kf8 14. O-O Qe7 15. Ne4 $14) 13. axb5
exd6 14. O-O (14. Nxd6 Qc7 15. Ne4 Rfe8) 14... axb5 15. Rxa8 Qxa8 16. Nxd6 b4
$13 17. Bd2 $2 (17. Qc4 Qb8 (17... Rb8 18. Qc7 (18. Re1 $13) 18... Nb6 $13 {
/\Nd5}) 18. Qc6 Nb6 19. Bd2 $36) 17... Qb8 18. Qe7 $6 (18. Nc4 Re8 19. Qd1 Nc5
20. b3 Nf5 $15) 18... Nb6 19. Ne4 Nd5 (19... Re8 20. Qd6 $10) 20. Qc5 Nxf4 21.
Qxb4 (21. Bxb4 Rc8) 21... Qxb4 22. Bxb4 Rc8 23. Bd2 (23. c3 dxc3 24. bxc3 Ne2+
(24... Nd5 $15) 25. Kh1 $15) 23... Nd5 24. Rc1 (24. c3 f5 (24... Nf5 $15) 25.
Nd6 Rc6 26. Nb5 dxc3 27. bxc3 Ng4 $15) 24... Nf5 25. Kf2 (25. c4 dxc3 26. Nxc3
$15) 25... Nfe3 26. c3 f5 27. Nd6 Rd8 28. Nb5 dxc3 29. bxc3 (29. Bxe3 Nxe3 30.
Kxe3 Bh6+) (29. Nxc3 Ng4+ 30. Kg1 Nb4 $36) 29... Nc4 30. Be1 Nf4 $17 31. Rb1
Ra8 32. g3 Ra2+ 33. Kg1 Nh3+ 34. Kh1 g5 $1 $40 35. Nbd4 Bxd4 36. cxd4 (36. Nxd4
Ne3 {/\NF1,G4}) 36... g4 $2 (36... Ne3 37. Bd2 Ng4 38. Kg2 Ngf2 {/\G4}) 37. Nh4
Ne3 38. d5 (38. Bb4 Rf2 {/\Kg8-f7-e6-d5-e4}) 38... Nxd5 39. Nxf5 h5 40. Rd1 $4
(40. Nh4 Ne3 41. Bc3 $15) 40... Rf2 $1 $19 41. Bxf2 $8 Nxf2+ 42. Kg1 Nxd1 43.
h3 gxh3 44. Kh2 Nf2 45. g4 Nf6 {Yudasin} 0-1

[Event "EU-chT (Men) 11th"]
[Site "Pula"]
[Date "1997.05.??"]
[Round "9.3"]
[White "Palac, Mladen"]
[Black "Minasian, Artashes"]
[Result "1-0"]
[WhiteElo "2595"]
[BlackElo "2550"]
[Annotator "Yudasin,L"]
[PlyCount "61"]
[EventDate "1997.05.05"]
[EventType "team-swiss"]
[EventRounds "9"]
[EventCountry "CRO"]
[SourceTitle "CBM 057 Extra"]
[Source "ChessBase"]
[SourceDate "1997.05.01"]
[SourceVersion "1"]
[SourceVersionDate "1997.05.01"]
[SourceQuality "1"]
[WhiteTeam "Croatia"]
[BlackTeam "Armenia"]
[WhiteTeamCountry "CRO"]
[BlackTeamCountry "ARM"]

1. e4 g6 2. d4 c6 3. Nc3 d6 4. Be3 Bg7 5. Qd2 b5 6. Bd3 (6. O-O-O $1 Nd7 7. Kb1
Nb6 8. Bd3 a5 9. h4 h5 10. Nh3 b4 11. Ne2 Bxh3 12. Rxh3 $14 {Shtein-Bronshtein,
USSR,1961}) 6... Nd7 7. Nf3 (7. a4 b4 8. Nce2 Rb8 9. Nf3 Qc7 10. O-O Ngf6 11.
Bh6 O-O 12. c4 e5 13. Ng3 {Nichevski-Tal,Lublin,1974}) 7... Nb6 8. O-O a5 $6 9.
h3 Nc4 $6 10. Bxc4 bxc4 11. d5 $8 $14 Bb7 (11... c5 12. e5 dxe5 13. Bxc5 $16)
12. Bd4 Nf6 13. dxc6 Bxc6 14. e5 $1 dxe5 15. Nxe5 Bb7 $6 (15... Bd5 16. Rad1
O-O 17. Qe2 $16 {[%cal Ge5c4,Ge5g4,Ge5g6]}) 16. Rfd1 (16. Nxc4 Ne4 17. Nxe4
Qxd4 (17... Bxd4 18. Ned6+ $16) 18. Ned6+ exd6 19. Nxd6+ Kd7 20. Qxd4 Bxd4 21.
Nxb7 $16) 16... O-O (16... Rc8 17. Qe2 $16) (16... Qc8 17. Qe2 $16) (16... Qc7
17. Qe2 Rc8 18. Nb5 $16) 17. Nxc4 Qc7 18. b3 Rfd8 19. Qe3 a4 20. Be5 Qc6 21. f3
Ba6 22. Nb6 Rab8 23. Bxb8 Rxb8 $18 24. Nbxa4 Re8 25. Qb6 Qc8 26. Nc5 Nh5 27.
Nd5 Be2 28. c3 Bxd1 29. Rxd1 Qf5 30. Qc6 Kf8 31. Qxe8+ 1-0

[Event "Hoogovens-B"]
[Site "Wijk aan Zee"]
[Date "1998.01.26"]
[Round "6"]
[White "Bosboom, Manuel"]
[Black "Reinderman, Dimitri"]
[Result "1/2-1/2"]
[WhiteElo "2450"]
[BlackElo "2480"]
[Annotator "Yudasin,L"]
[PlyCount "52"]
[EventDate "1998.01.20"]
[EventType "tourn"]
[EventRounds "11"]
[EventCountry "NED"]
[EventCategory "10"]
[SourceTitle "CBM 063"]
[Source "ChessBase"]
[SourceDate "1998.03.26"]
[SourceVersion "1"]
[SourceVersionDate "1998.03.26"]
[SourceQuality "1"]

1. d4 g6 2. e4 Bg7 3. Nf3 d6 4. Bc4 Nf6 5. Qe2 O-O (5... d5 6. exd5 Nxd5 7. O-O
Nb6 8. Bb3 O-O 9. Re1 $14) 6. O-O c6 7. Bb3 Bg4 (7... a5 8. a4 Qc7 9. Bf4 Nh5
10. Be3 e5 11. Nc3 Bg4 12. Rad1 Re8 13. h3 $14) 8. Nbd2 (8. h3 Bxf3 9. Qxf3
Nfd7 10. c3 e5 $132) 8... e5 9. dxe5 dxe5 10. Nc4 (10. h3 Bxf3 11. Nxf3 Nbd7
12. c3 $14) 10... Qe7 11. h3 Bxf3 12. Qxf3 Na6 13. Bg5 (13. c3 Nc5 14. Bc2 Nfd7
15. Ne3 a5 $14) 13... Nc5 14. Ne3 h6 (14... Ne6 15. Bxf6 (15. Bh4 Nd4 16. Qd1
Rad8 17. Qe1 h5 $10) 15... Bxf6 $10) 15. Bh4 Rae8 $1 (15... Nxb3 16. axb3 Qe6
17. Rfd1 $14) 16. Rfe1 $6 (16. Ng4 g5 (16... Ncxe4 17. Rfe1 g5 $15) 17. Bg3
Nxg4 18. Qxg4 Nxb3 19. axb3 a6 20. Rad1 Rd8 $14) (16. Bxf6 $10) 16... Ne6 $2 (
16... Ncxe4 17. Ng4 (17. Rad1 Ng5 (17... Nc5 $2 18. Ng4 g5 19. Rxe5) 18. Bxg5
hxg5 19. Ng4 e4 20. Nxf6+ Bxf6 21. Qg4 Bxb2 22. Rd7 Qb4 23. Red1 $146) 17... g5
18. Nxf6+ Nxf6 19. Bg3 Nd7 (19... e4 20. Qf5 (20. Qe2 Nd5 $17) 20... Nh5 21.
Bh2 Bxb2 22. Qg6+ Ng7 23. Bd6 Qf6 24. Qxf6 Bxf6 $17) 20. c3 $146) 17. Bxe6 Qxe6
18. Red1 $10 Nh7 19. Qe2 Bf6 20. Bg3 Rd8 21. Qc4 Qe7 22. c3 h5 23. a3 $6 (23.
f3 {/\Bf2} Ng5 24. Bf2 Ne6 $10) 23... Bg5 24. Qe2 (24. Nf1 h4 25. Bh2 Bf4 26.
f3 Ng5 27. Kh1 Ne6 $15) 24... Bf4 25. Bxf4 (25. Nf1 $15) 25... exf4 26. Nc4 Ng5
{27.f3= Yudasin} 1/2-1/2

[Event "Linz"]
[Site "Linz"]
[Date "1997.05.22"]
[Round "6"]
[White "Lanka, Zigurds"]
[Black "Beim, Valery"]
[Result "0-1"]
[WhiteElo "2575"]
[BlackElo "2555"]
[Annotator "Yudasin,L"]
[PlyCount "70"]
[EventDate "1997.05.17"]
[EventType "tourn"]
[EventRounds "9"]
[EventCountry "AUT"]
[EventCategory "12"]
[SourceTitle "CBM 059"]
[Source "ChessBase"]
[SourceDate "1997.08.01"]
[SourceVersion "1"]
[SourceVersionDate "1997.08.01"]
[SourceQuality "1"]

1. e4 g6 2. d4 Bg7 3. Nc3 d6 4. f4 a6 5. Nf3 b5 6. Bd3 Bb7 7. e5 $1 Nd7 (7...
c5 8. dxc5 dxe5 9. fxe5 Nd7 10. e6 $1 fxe6 11. Ne4 Rc8 12. O-O Nxc5 13. Nxc5
Rxc5 14. Ng5 $14 {[%csl Re6,Rf7]} Qb6 $140 $2 15. Be3 $16) 8. O-O e6 (8... c5
9. dxc5 $36) 9. a4 $1 bxa4 (9... b4 $2 10. Ne4 $36) 10. Ng5 $5 (10. Rxa4 $5)
10... Nh6 $6 (10... Ne7 $5) 11. Nce4 $2 (11. d5 exd5 12. e6 Nc5 13. exf7+ Nxf7
14. Nxf7 Kxf7 15. f5 $36) 11... O-O 12. c3 $2 (12. Qf3 $5 {[%cal Gf3h3]}) 12...
Bc6 $1 13. Qf3 Bb5 14. c4 Bc6 15. Qh3 (15. Nf6+ $4 Bxf6 16. Qxc6 dxe5 $19)
15... Re8 {[%cal Gd7f8]} 16. Nc3 Nf8 17. d5 $1 Bd7 $8 (17... exd5 18. cxd5 Bd7
19. e6 fxe6 20. dxe6 Bxe6 21. Nxe6 Nxe6 22. Bc4 Qd7 23. Re1 $18) 18. f5 $1 {
[%cal Yc1h6] /^c1-h6} Nxf5 $1 (18... exf5 19. e6 fxe6 20. dxe6 Nxe6 $140 $4 (
20... Bc6) 21. Nxe6 $18 {[%cal Rc1h6]}) (18... gxf5 19. exd6 cxd6 20. Nxe6 fxe6
21. Bxh6) 19. g4 $1 Bxe5 $1 (19... Nh6 $2 20. dxe6 fxe6 21. Nge4 Nf7 22. Nf6+
$16) 20. gxf5 exf5 21. Nf3 Bg7 22. Bc2 $4 (22. Nxa4 $16) 22... Rb8 $1 23. Bxa4
Rb4 $1 24. Bxd7 Nxd7 25. Rxa6 Rxc4 $17 {[%csl Rd5,Rg1][%cal Ye8e1]} 26. Rc6 $2
Rg4+ 27. Kh1 Nb8 $1 $19 28. Ng5 h5 29. Nb5 Nxc6 30. dxc6 Rxg5 31. Bxg5 Qxg5 32.
Nxc7 Rc8 33. Qb3 Qd8 34. Nd5 Rxc6 35. Qb7 Rc2 0-1